France World Cup squads 1930-2022 - Statistics

General Stats
  • This quiz has been taken 324 times
  • The average score is 118 of 347
Answer Stats
No. Hint Uruguay 1930 % Correct
10 KM Kylian Mbappé
96%
1 HL Hugo Lloris
92%
10 ZZ Zinedine Zidane
91%
7 | 11 AG Antoine Griezmann
90%
9 OG Olivier Giroud
89%
12 TH Thierry Henry
89%
6 | 19 PP Paul Pogba
88%
10 KB Karim Benzema
85%
4 RV Raphaël Varane
85%
2 BP Benjamin Pavard
84%
15 LT Lilian Thuram
84%
26 MT Marcus Thuram
84%
21 LH Lucas Hernandez
82%
13 NK N'Golo Kanté
82%
5 SU Samuel Umtiti
81%
22 TH Theo Hernandez
81%
16 FB Fabien Barthez
80%
11 OD Ousmane Dembélé
80%
4 PV Patrick Vieira
78%
14 BM Blaise Matuidi
77%
7 DD Didier Deschamps
77%
7 | 22 FR Franck Ribéry
77%
5 LB Laurent Blanc
77%
10 | 15 MP Michel Platini
77%
3 | 13 PE Patrice Evra
75%
20 DT David Trezeguet
73%
8 MD Marcel Desailly
73%
16 SM Steve Mandanda
73%
14 AR Adrien Rabiot
72%
3 PK Presnel Kimpembe
72%
8 AT Aurélien Tchouaméni
71%
18 DU Dayot Upamecano
70%
17 EP Emmanuel Petit
70%
13 JP Jean Petit
70%
12 RKM Randal Kolo Muani
69%
5 JK Jules Koundé
68%
2 | 15 BS Bacary Sagna
67%
20 KC Kingsley Coman
67%
23 AA Alphonse Areola
66%
6 | 7 CM Claude Makélélé
66%
7 | 15 FM Florent Malouda
66%
21 NA Nicolas Anelka
66%
11 RP Robert Pires
66%
25 EC Eduardo Camavinga
65%
5 WG William Gallas
65%
24 IK Ibrahima Konaté
63%
8 | 20 MV Mathieu Valbuena
63%
13 YF Youssouf Fofana
63%
12 CT Corentin Tolisso
62%
3 EA Eric Abidal
62%
6 YD Youri Djorkaeff
62%
17 AR Adil Rami
60%
22 BM Benjamin Mendy
60%
3 BL Bixente Lizarazu
60%
21 LK Laurent Koscielny
60%
11 SW Sylvain Wiltord
58%
17 WS William Saliba
58%
17 JF Just Fontaine
57%
12 CP Claude Papi
56%
19 WS Willy Sagnol
56%
18 NF Nabil Fekir
55%
8 TL Thomas Lemar
55%
6 YC Yohan Cabaye
55%
11 APG André-Pierre Gignac
54%
20 FT Florian Thauvin
54%
22 GC Gaël Clichy
51%
17 JPP Jean-Pierre Papin
51%
9 SG Stéphane Guivarc'h
51%
18 MS Moussa Sissoko
50%
9 | 10 SG Sidney Govou
50%
15 SN Steven Nzonzi
50%
8 YG Yoann Gourcuff
50%
19 CK Christian Karembeu
49%
18 AD Alou Diarra
47%
19 DS Djibril Sidibé
47%
14 JT Jérémy Toulalan
47%
2 MD Mathieu Debuchy
47%
1 BL Bernard Lama
46%
21 CD Christophe Dugarry
46%
18 FL Frank Leboeuf
46%
17 LD Lucas Digne
46%
6 MG Matteo Guendouzi
46%
9 DC Djibril Cissé
45%
15 JV Jordan Veretout
45%
5 MS Mamadou Sakho
44%
3 AD Axel Disasi
43%
23 GC Grégory Coupet
43%
1 | 23 ML Mickaël Landreau
41%
2 VC Vincent Candela
41%
19 AD Abou Diaby
40%
20 LR Loïc Rémy
39%
14 LS Louis Saha
38%
13 MS Mikaël Silvestre
38%
22 MS Morgan Schneiderlin
38%
14 JT Jean Tigana
37%
18 RK Raymond Kopa
36%
16 SR Stéphane Ruffier
33%
14 AB Alain Boghossian
32%
12 AG Alain Giresse
32%
2 JAB Jean-Alain Boumsong
32%
9 LF Luis Fernández
32%
2 | 3 | 4 PB Patrick Battiston
32%
1 UR Ulrich Ramé
32%
13 EM Eliaquim Mangala
31%
8 MT Marius Trésor
31%
12 RM Rio Mavuba
31%
1 JB Joël Bats
30%
7 RC Rémy Cabella
30%
4 AR Anthony Réveillère
29%
13 BD Bernard Diomède
28%
2 MA Manuel Amoros
28%
17 SS Sébastien Squillaci
28%
23 CC Cédric Carrasso
27%
18 DR Dominique Rocheteau
27%
19 DS Didier Six
26%
22 JM Johan Micoud
26%
8 VD Vikash Dhorasoo
26%
22 LC Lionel Charbonnier
24%
3 | 4 | 6 MB Maxime Bossis
24%
17 BL Bernard Lacombe
23%
21 PC Pascal Chimbonda
22%
17 GG Gaël Givet
20%
22 JLE Jean-Luc Ettori
20%
5 PC Philippe Christanval
20%
7 YLR Yvon Le Roux
20%
19 YS Yannick Stopyra
19%
15 | 16 BB Bruno Bellone
18%
6 CL Christian Lopez
18%
9 | 13 BG Bernard Genghini
17%
11 HM Henri Michel
17%
JL Jean Laurent
17%
LL Lucien Laurent
17%
6 MP Marc Planus
17%
4 | 5 GJ Gérard Janvion
16%
12 JD Jean Djorkaeff
16%
20 GS Gérard Soler
13%
20 DX Daniel Xuereb
12%
3 WA William Ayache
12%
1 DB Dominique Baratelli
11%
13 JFL Jean-François Larios
10%
11 JMF Jean-Marc Ferreri
10%
7 PM Philippe Mahut
10%
15 PV Philippe Vercruysse
10%
11 RG René Girard
10%
16 AC Alain Couriol
9%
22 AR Albert Rust
8%
21 JC Jean Castaneda
8%
5 MB Michel Bibard
8%
8 TT Thierry Tusseau
8%
22 DD Dominique Dropsy
7%
7 PR Patrice Rio
7%
21 PB Philippe Bergeroo
7%
RR Roger Rio
7%
21 | 22 JV Jean Vincent
6%
20 RP Roger Piantoni
6%
9 DB Dominique Bathenay
5%
21 JPBD Jean-Paul Bertrand-Demanes
5%
10 JMG Jean-Marc Guillou
4%
11 ML Maurice Lafont
4%
22 MW Maryan Wisnieski
3%
AV Alexandre Villaplane
2%
AT Alex Thépot
2%
AM André Maschinot
2%
16 CD Christian Dalger
2%
1 | 3 CA Claude Abbes
2%
5 FB François Bracci
2%
21 GC Georges Carnus
2%
12 JJM Jean-Jacques Marcel
2%
JN Jean Nicolas
2%
14 MB Marc Berdoll
2%
20 OR Olivier Rouyer
2%
16 RH Robert Herbin
2%
10 RJ Robert Jonquet
2%
6 | 7 RM Roger Marche
2%
13 | 14 AP Armand Penverne
1%
2 DC Dominique Colonna
1%
ED Edmond Delfour
1%
EV Émile Veinante
1%
EM Étienne Mattler
1%
1 | 3 FR François Remetter
1%
10 HDB Héctor De Bourgoing
1%
20 JS Jacques Simon
1%
JG Joseph Gonzales
1%
17 LM Lucien Muller
1%
2 MA Marcel Artelesa
1%
OH Oscar Heisserer
1%
13 PG Philippe Gondet
1%
4 | 6 RK Raymond Kaelbel
1%
6 RB Robert Budzynski
1%
11 XL Xercès Louis
1%
16 YD Yvon Douis
1%
15 ABT Abdelaziz Ben Tifour
0%
ABB Abdelkader Ben Bouali
0%
13 AM Abderrahmane Mahjoub
0%
AA Alfred Aston
0%
7 AC André Chorda
0%
5 AL André Lerond
0%
21 AS André Strappe
0%
AT André Tassin
0%
9 AC Antoine Cuissard
0%
AJ Auguste Jordan
0%
AC Augustin Chantrel
0%
5 BB Bernard Bosquier
0%
8 BC Bernard Chiarelli
0%
CD Célestin Delmer
0%
19 CO Célestin Oliver
0%
2 CR César Ruminski
0%
9 DC Didier Couécou
0%
3 EB Edmond Baraffe
0%
EL Ernest Libérati
0%
20 ES Ernest Schultz
0%
FB François Bourbotte
0%
FK Fritz Keller
0%
11 GDM Gabriel De Michele
0%
GV Georges Verriest
0%
14 GH Gérard Hausser
0%
8 GB Guillaume Bieganski
0%
HC Hector Cazenave
0%
IK Ignace Kowalczyk
0%
5 JG Jacques Grimonpon
0%
JM Jacques Mairesse
0%
JB Jean Bastien
0%
18 JCP Jean-Claude Piumi
0%
22 JS Johnny Schuth
0%
JA Joseph Alcazar
0%
4 JB Joseph Bonnel
0%
JV Jules Vandooren
0%
JD Julien Darui
0%
9 KH Kazimir Hnatow
0%
LDL Laurent Di Lorto
0%
19 LR Laurent Robuschi
0%
4 LG Lazare Gianessi
0%
17 LG Léon Glovacki
0%
LG Louis Gabrillargues
0%
LJ Lucien Jasseron
0%
1 MA Marcel Aubour
0%
MC Marcel Capelle
0%
ML Marcel Langiller
0%
MP Marcel Pinel
0%
MZ Mario Zatelli
0%
MP Martin Povolny
0%
MB Michel Brusseaux
0%
19 ML Michel Leblond
0%
8 NC Nestor Combin
0%
NL Noël Liétaer
0%
NA Numa Andoire
0%
RD Raoul Diagne
0%
14 RB Raymond Bellot
0%
16 RD René Dereuddre
0%
RL René Llense
0%
7 RM Robert Mouynet
0%
RC Roger Courtois
0%
15 SB Stéphane Bruey
0%
15 YH Yves Herbet
0%
No matching quizzes found
Score Distribution
Percent of People with Each Score
Percentile by Number Answered
Your Score History
You have not taken this quiz